Stations of Nankai Electric Railway, Osaka, Japan - Statistics

General Stats
  • This quiz has been taken 31 times
  • The average score is 44 of 109
Answer Stats
Lines Stations % Correct
Koya Line | Nankai Main Line Namba
100%
Shin Imamiya
95%
Kansai Airport
90%
Tengachaya
90%
| Kada Line Wakayama Shi
90%
| Airport Line Izumisano
85%
Sakai
85%
Shiomibashi Line Shiomibashi
80%
Nakamozu
75%
Sakai Higashi
75%
Hashimoto
70%
Imamiyaebisu
70%
Kada
70%
Tanagawa
70%
Wakayamako Line Wakayama Ko
70%
Kawachi Nagano
65%
Kishiwada
65%
Mikunigaoka
65%
| Tanagawa Line Misaki Koen
65%
Rinku Town
65%
Takashinohama
65%
Gokurakubashi
60%
Kishinosato Tamade
60%
| Takashinohama Line Hagoromo
55%
Izumi Otsu
50%
Suminoe
50%
Hamaderakoen
45%
Kongo
45%
Koyashita
45%
Tadaoka
45%
Takaishi
45%
Haginochaya
40%
Kaizuka
40%
Kimitoge
40%
Kita Noda
40%
Tezukayama
40%
Wakayama Daigakumae
40%
Kinokawa
35%
Kudoyama
35%
Sumiyoshitaisha
35%
Amami
30%
Asakayama
30%
Haruki
30%
Kyarabashi
30%
Mikkaichicho
30%
Mozu Hachiman
30%
Sawanocho
30%
Sayama
30%
Sumiyoshi Higashi
30%
Abikomae
25%
Hagurazaki
25%
Kamuro
25%
Kii Hosokawa
25%
Kii Shimizu
25%
Kyoshi
25%
Miyukitsuji
25%
Ozaki
25%
Shimo Kosawa
25%
Shirasagi
25%
Tannowa
25%
Chihayaguchi
20%
Chiyoda
20%
Fukeko
20%
Hagihara Tenjin
20%
Hatsushiba
20%
Higashi Matsue
20%
Isonoura
20%
Kami Kosawa
20%
Kii Kamiya
20%
Matsunohama
20%
Mikanoda
20%
Nirigahama
20%
Nishinosho
20%
Nishi Tengachaya
20%
Okadaura
20%
Shichido
20%
Suwanomori
20%
Takojizo
20%
Tarui
20%
Fukecho
15%
Hachimanmae
15%
Hakotsukuri
15%
Iharanosato
15%
Ishizugawa
15%
Izumi Omiya
15%
Kita Sukematsu
15%
Minato
15%
Naka Matsue
15%
Nishikinohama
15%
Tottorinosho
15%
Tsuruhara
15%
Yoshiminosato
15%
Ashiharacho
10%
Kizugawa
10%
Kohama
10%
Osaka Samayashi
10%
Rinkai Den'entoshi
10%
Takadani
10%
Tsumori
5%
No matching quizzes found
Score Distribution
Percent of People with Each Score
Percentile by Number Answered
Your Score History
You have not taken this quiz